| 000 | 00743 a2200217 4500 | ||
|---|---|---|---|
| 003 | Nust | ||
| 005 | 20230118141305.0 | ||
| 010 | _a 82047530 | ||
| 020 | _a0060150424 : | ||
| 040 | _cNust | ||
| 082 | 0 | 0 | _a658,FRE |
| 100 | 1 |
_aPeters, Thomas J. _944612 |
|
| 245 | 1 | 0 |
_aIn search of excellence : _blessons from America's best-run Companies / _cby Thomas J. Peters and Robert H. Waterman, Jr. |
| 250 | _a1st ed. | ||
| 260 |
_aLahore _bFerozesons pvt ltd. _cc1982. |
||
| 300 |
_axxvi, 360 p. ; _c22 cm. |
||
| 505 | _aPart 1: The Saving Remnant (Page-3), Part 2: Toward New Theory (Page-29), Part 3: Back to Basics (Page-89). | ||
| 650 | 0 |
_aIndustrial management _zUnited States. |
|
| 700 | 1 |
_aWaterman, Robert H. _9107007 |
|
| 942 |
_2ddc _cBK |
||
| 999 |
_c185967 _d185967 |
||